Statystyki dla Wymień wszystkich mistrzów KSW w wadze półciężkiej.

Kliknij tutaj aby rozwiązać quiz!

Ogólne statystyki

  • Ten quiz został rozwiązany 20 razy
  • Średni wynik to 3 z 6

Statystyki odpowiedzi

ROkMistrz% Poprawnych
2015-2022Tomasz Narkun
89%
2011-2014Jan Błachowicz
61%
2009-2011Mamed Khalidov
44%
2022-......Ibragim Chuzhigaev
39%
2015-2015Goran Reljić
22%
2011-2011Rameau Thierry Sokoudjou
11%

Rozkład punktacji

Percentyl według liczby udzielonych odpowiedzi

Procent ludzi z każdym wynikiem

Twoja historia wyników

Nie rozwiązałeś tego quizu